000 00345nam a2200133Ia 4500
005 20260328101531.0
008 260328s9999||||xx |||||||||||||| ||und||
100 _aMontes de Oca, Julián
245 0 _aProyectos de Vinculación /
_cJulián Montes de Oca
260 _bCara Pares
300 _a257 p.
650 _aDISEÑO INDUSTRIAL
942 _cBK
999 _c9999
_d9999